Statistics for List Every Positive Word (Like Great, Awesome)

Click here to take the quiz!

General Stats

  • This quiz has been taken 33 times
  • The average score is 7 of 24

Answer Stats

Answer% Correct
great
90%
awesome
87%
good
83%
amazing
70%
nice
53%
fantastic
47%
wonderful
47%
cool
43%
sweet
27%
incredible
20%
magnificent
17%
stupendous
13%
stunning
10%
teriffic
10%
yay
10%
impressive
7%
astounding
3%
epic
3%
smashing
3%
spectacular
3%
sublime
3%
dynamite
0%
gnarly
0%
miraculous
0%

Score Distribution

Percentile by Number Answered

Percent of People with Each Score

Your Score History

You have not taken this quiz